[Event "Monarch Assurance Isle of Man 12th"]
[Site "Port Erin IOM"]
[Date "2003.09.27"]
[Round "1.23"]
[White "Thompson, Ian D"]
[Black "Davies, Nigel"]
[Result "0-1"]
[WhiteElo "2290"]
[BlackElo "2482"]
[PlyCount "68"]
[EventDate "2003.09.27"]
[EventType "swiss"]
[EventRounds "9"]
[EventCountry "IOM"]
[SourceTitle "BritBase"]
[SourceDate "2008.07.14"]
[SourceVersion "1"]
[SourceVersionDate "2008.07.14"]
[SourceQuality "2"]

1. c4 e5 2. Nc3 Bb4 3. Nf3 Bxc3 4. bxc3 d6 5. c5 Nf6 6. cxd6 cxd6 7. g3 O-O 8.
Bg2 Qc7 9. O-O Nc6 10. d3 b6 11. Bg5 Nd7 12. Nd2 h6 13. Be3 Bb7 14. Nc4 Nd8 15.
a4 Bxg2 16. Kxg2 Nc6 17. Qb3 d5 18. Na3 Nf6 19. Rac1 Rfe8 20. Bd2 Qd7 21. c4
Nd4 22. Qd1 e4 23. Nb5 Nxb5 24. cxb5 d4 25. dxe4 Nxe4 26. Bb4 Re5 27. e3 Ng5
28. exd4 Re4 29. f3 Rxd4 30. Qb3 Rd3 31. Qc4 Re8 32. Rce1 Rxe1 33. Bxe1 Qh3+
34. Kg1 Nxf3+ 0-1

[Event "Monarch Assurance Isle of Man 12th"]
[Site "Port Erin IOM"]
[Date "2003.09.27"]
[Round "1.24"]
[White "Wells, Peter K"]
[Black "Ryan, Joseph"]
[Result "1-0"]
[WhiteElo "2481"]
[BlackElo "2291"]
[PlyCount "75"]
[EventDate "2003.09.27"]
[EventType "swiss"]
[EventRounds "9"]
[EventCountry "IOM"]
[SourceTitle "BritBase"]
[SourceDate "2008.07.14"]
[SourceVersion "1"]
[SourceVersionDate "2008.07.14"]
[SourceQuality "2"]

1. d4 e6 2. c4 Nf6 3. Nc3 d5 4. cxd5 exd5 5. Bg5 Be7 6. e3 c6 7. Bd3 Bg4 8. f3
Bh5 9. Nge2 Bg6 10. h4 Bxd3 11. Qxd3 Nbd7 12. g4 Ng8 13. Bxe7 Nxe7 14. Ng3 O-O
15. h5 Nb6 16. Kf2 Qd7 17. Nf5 Rad8 18. b3 a5 19. Ne2 a4 20. Neg3 Ra8 21. e4
axb3 22. axb3 Rxa1 23. Rxa1 dxe4 24. fxe4 g6 25. Ne3 Qd6 26. Kg2 Nd7 27. Qc3 c5
28. d5 Qe5 29. Qxe5 Nxe5 30. Ra5 b6 31. Ra7 Nc8 32. Rb7 Rd8 33. g5 Kf8 34. h6
Ke8 35. Nc4 Nd7 36. e5 Nf8 37. Ne4 Rxd5 38. Nf6+ 1-0

[Event "Monarch Assurance Isle of Man 12th"]
[Site "Port Erin IOM"]
[Date "2003.09.27"]
[Round "1.25"]
[White "Grant, Alan"]
[Black "Del Rio Angelis, Salvador Gabriel"]
[Result "0-1"]
[WhiteElo "2270"]
[BlackElo "2479"]
[PlyCount "106"]
[EventDate "2003.09.27"]
[EventType "swiss"]
[EventRounds "9"]
[EventCountry "IOM"]
[SourceTitle "BritBase"]
[SourceDate "2008.07.14"]
[SourceVersion "1"]
[SourceVersionDate "2008.07.14"]
[SourceQuality "2"]

1. c4 e6 2. Nf3 d5 3. b3 Nf6 4. Bb2 Be7 5. g3 O-O 6. Bg2 b6 7. O-O Bb7 8. e3 c5
9. Nc3 dxc4 10. bxc4 Nc6 11. Qe2 Nb4 12. d4 cxd4 13. exd4 Rc8 14. Nb5 a6 15.
Na3 Rc7 16. Ne5 Bxg2 17. Kxg2 Qa8+ 18. Qf3 Qxf3+ 19. Kxf3 Ne8 20. Ke2 Nd6 21.
c5 bxc5 22. dxc5 Nb7 23. c6 Nxc6 24. Nxc6 Rxc6 25. Rfc1 Rfc8 26. Rxc6 Rxc6 27.
Rc1 Rxc1 28. Bxc1 f6 29. Nc2 Kf7 30. Ba3 Bxa3 31. Nxa3 Ke7 32. Kd3 Kd6 33. f4
Kc5 34. Nc2 Nd6 35. Nd4 Kd5 36. Nc2 a5 37. Ne3+ Kc5 38. Nc2 e5 39. fxe5 fxe5
40. g4 g5 41. Kc3 Nc4 42. Ne1 e4 43. Ng2 Kd5 44. h3 h6 45. Ne1 Ne3 46. Kb3 Kc6
47. Ka4 Kb6 48. Kb3 Kb5 49. Kc3 Kc5 50. Kb3 Nd5 51. Nc2 e3 52. Ka4 Kb6 53. Kb3
e2 0-1

[Event "Monarch Assurance Isle of Man 12th"]
[Site "Port Erin IOM"]
[Date "2003.09.27"]
[Round "1.27"]
[White "Fossum, Oystein Boyum"]
[Black "Hutchinson, Paul A"]
[Result "1-0"]
[WhiteElo "2090"]
[BlackElo "2255"]
[PlyCount "105"]
[EventDate "2003.09.27"]
[EventType "swiss"]
[EventRounds "9"]
[EventCountry "IOM"]
[SourceTitle "BritBase"]
[SourceDate "2008.07.14"]
[SourceVersion "1"]
[SourceVersionDate "2008.07.14"]
[SourceQuality "2"]

1. c4 e5 2. g3 Nc6 3. Bg2 Bc5 4. Nc3 d6 5. e3 Bf5 6. d3 Qd7 7. Nd5 Nb4 8. Nxb4
Bxb4+ 9. Bd2 Bxd2+ 10. Qxd2 c6 11. Ne2 Nf6 12. h3 O-O 13. e4 Be6 14. f4 g6 15.
f5 Bxf5 16. exf5 Qxf5 17. Nc3 Qe6 18. O-O Nh5 19. Ne2 f5 20. Rae1 Qd7 21. d4
Rad8 22. dxe5 dxe5 23. Qxd7 Rxd7 24. g4 Ng7 25. Rd1 Re7 26. Rd6 Ne6 27. Re1 f4
28. Rf1 Kg7 29. h4 c5 30. Be4 Nd4 31. Kf2 Rf6 32. Rxf6 Kxf6 33. Nxd4 cxd4 34.
Kf3 Rc7 35. b3 b5 36. Rc1 Rc5 37. Rc2 b4 38. Bd5 h6 39. Ke4 g5 40. h5 a6 41.
Rc1 a5 42. a3 bxa3 43. Ra1 Rc8 44. Rxa3 Rb8 45. c5 Rb5 46. c6 d3 47. Ra2 Rb4+
48. Bc4 Ke7 49. Kxd3 Kd6 50. Rxa5 Kxc6 51. Rxe5 Rb8 52. Re6+ Kc5 53. Kc3 1-0

[Event "Monarch Assurance Isle of Man 12th"]
[Site "Port Erin IOM"]
[Date "2003.09.27"]
[Round "1.29"]
[White "Kovachev, Daniel"]
[Black "Ashton, Adam"]
[Result "1/2-1/2"]
[WhiteElo "2066"]
[BlackElo "2234"]
[PlyCount "75"]
[EventDate "2003.09.27"]
[EventType "swiss"]
[EventRounds "9"]
[EventCountry "IOM"]
[SourceTitle "BritBase"]
[SourceDate "2008.07.14"]
[SourceVersion "1"]
[SourceVersionDate "2008.07.14"]
[SourceQuality "2"]

1. e4 e5 2. Nf3 Nc6 3. d4 exd4 4. Bc4 Nf6 5. e5 d5 6. Bb5 Ne4 7. Nxd4 Bd7 8.
Bxc6 bxc6 9. O-O Bc5 10. f3 Ng5 11. f4 Ne4 12. Be3 Bb6 13. Nc3 Nxc3 14. bxc3
Qe7 15. f5 Qxe5 16. Bf4 Bxd4+ 17. cxd4 Qxf5 18. Bxc7 Qg6 19. Qe1+ Kf8 20. Qb4+
Kg8 21. Bg3 Re8 22. Qb7 Be6 23. Qxa7 h6 {(=)} 24. Qc5 Kh7 25. a4 Bc8 26. Rfe1
Ba6 27. a5 Re4 28. Rxe4 dxe4 29. Qb6 Ra8 30. Re1 Qe6 31. Qc5 e3 32. d5 Qxd5 33.
Qxd5 cxd5 34. Rxe3 Rc8 35. Re5 Rc5 36. Be1 Rxc2 37. Rxd5 Bb7 38. Rd2 1/2-1/2

[Event "Monarch Assurance Isle of Man 12th"]
[Site "Port Erin IOM"]
[Date "2003.09.27"]
[Round "1.30"]
[White "Gabrielsen, Trond"]
[Black "Bentley, John"]
[Result "1-0"]
[WhiteElo "2228"]
[BlackElo "2211"]
[PlyCount "115"]
[EventDate "2003.09.27"]
[EventType "swiss"]
[EventRounds "9"]
[EventCountry "IOM"]
[SourceTitle "BritBase"]
[SourceDate "2008.07.14"]
[SourceVersion "1"]
[SourceVersionDate "2008.07.14"]
[SourceQuality "2"]

1. e4 c5 2. Nf3 g6 3. d4 cxd4 4. Qxd4 Nf6 5. Nc3 Nc6 6. Qa4 d6 7. e5 Ng4 8.
exd6 Qxd6 9. Bf4 e5 10. Bg5 f6 11. Bh4 Kf7 12. a3 Be7 13. Rd1 Qc5 14. Rd5 Qb6
15. Rb5 Qd8 16. Rd5 Qc7 17. Rd2 g5 18. Bg3 Nh6 19. Bc4+ Kg7 20. Nd5 Qa5 21.
Qxa5 Nxa5 22. Ba2 Nc6 23. Nxe7 Nxe7 24. Nxe5 Nef5 25. Nf3 Re8+ 26. Kd1 Nxg3 27.
hxg3 Bg4 28. Re1 Rad8 29. Rxd8 Rxd8+ 30. Kc1 Rd7 31. Re4 a6 32. Bb3 Bf5 33. Re2
Bg4 34. Re1 Nf5 35. Nh2 Nh6 36. f3 Bf5 37. g4 Bg6 38. Nf1 f5 39. gxf5 Nxf5 40.
Bc4 h5 41. Bd3 g4 42. fxg4 hxg4 43. Re6 Kf7 44. Re4 Rd4 45. Rxd4 Nxd4 46. Kd2
Kf6 47. Ne3 g3 48. Bxg6 Kxg6 49. Kd3 Ne6 50. Ke4 Kg5 51. Kf3 Kh4 52. c3 Ng5+
53. Kf4 Ne6+ 54. Ke5 Nc5 55. Kd4 Ne6+ 56. Kd5 Nf4+ 57. Ke4 Ne6 58. b4 1-0

[Event "Monarch Assurance Isle of Man 12th"]
[Site "Port Erin IOM"]
[Date "2003.09.27"]
[Round "1.31"]
[White "Shepherd, Michael"]
[Black "Stubberud, Ornulf"]
[Result "0-1"]
[WhiteElo "2037"]
[BlackElo "1965"]
[PlyCount "80"]
[EventDate "2003.09.27"]
[EventType "swiss"]
[EventRounds "9"]
[EventCountry "IOM"]
[SourceTitle "BritBase"]
[SourceDate "2008.07.14"]
[SourceVersion "1"]
[SourceVersionDate "2008.07.14"]
[SourceQuality "2"]

1. d4 Nf6 2. c4 g6 3. Nc3 Bg7 4. e4 d6 5. h3 O-O 6. Bg5 Na6 7. Bd3 e5 8. d5 Qe8
9. g4 Nd7 10. Nge2 Ndc5 11. Bc2 f5 12. gxf5 gxf5 13. Rg1 Kh8 14. Be3 Qf7 15. a3
f4 16. Bd2 c6 17. b4 Nd7 18. Nc1 Nf6 19. Qf3 Nc7 20. Bb3 Bd7 21. Nd3 a5 22. Ke2
b5 23. bxa5 bxc4 24. Bxc4 cxd5 25. Ba2 Qe7 26. Nb4 dxe4 27. Nxe4 Nb5 28. Kd1
Nd4 29. Qg2 f3 30. Qg5 h6 31. Qh4 Nf5 32. Bxh6 Nxh4 33. Bxg7+ Qxg7 34. Rxg7
Kxg7 35. Nxf6 Rxf6 36. Nd5 Rg6 37. Kd2 Rxa5 38. Ne7 Rg2 39. Ke3 Rxa3+ 40. Ke4
Rxf2 0-1

[Event "Monarch Assurance Isle of Man 12th"]
[Site "Port Erin IOM"]
[Date "2003.09.27"]
[Round "1.32"]
[White "Allen, Keith"]
[Black "Lutton, E Josiah"]
[Result "1-0"]
[WhiteElo "2224"]
[BlackElo "2031"]
[PlyCount "37"]
[EventDate "2003.09.27"]
[EventType "swiss"]
[EventRounds "9"]
[EventCountry "IOM"]
[SourceTitle "BritBase"]
[SourceDate "2008.07.14"]
[SourceVersion "1"]
[SourceVersionDate "2008.07.14"]
[SourceQuality "2"]

1. d4 e6 2. c4 Nf6 3. Nc3 Bb4 4. Qc2 d6 5. e4 c5 6. d5 Qe7 7. dxe6 Qxe6 8. Bd3
Nc6 9. Nge2 Bxc3+ 10. Qxc3 Ne5 11. f3 Nfd7 12. b3 Qf6 13. Bc2 Qh4+ 14. Ng3 Nf6
15. Be3 Be6 16. O-O-O O-O-O 17. Rxd6 Rxd6 18. Qxe5 Rc6 19. Bg5 1-0

[Event "Monarch Assurance Isle of Man 12th"]
[Site "Port Erin IOM"]
[Date "2003.09.27"]
[Round "1.34"]
[White "Hughes, Howard"]
[Black "Spanton, Tim"]
[Result "1-0"]
[WhiteElo "2215"]
[BlackElo "2021"]
[PlyCount "33"]
[EventDate "2003.09.27"]
[EventType "swiss"]
[EventRounds "9"]
[EventCountry "IOM"]
[SourceTitle "BritBase"]
[SourceDate "2008.07.14"]
[SourceVersion "1"]
[SourceVersionDate "2008.07.14"]
[SourceQuality "2"]

1. e4 e5 2. f4 d5 3. exd5 Bc5 4. Nc3 exf4 5. Nf3 Ne7 6. Bc4 O-O 7. d4 Bb4 8.
O-O Bxc3 9. bxc3 Nxd5 10. Bxd5 Qxd5 11. Bxf4 Be6 12. Qe1 c5 13. Qg3 Kh8 14. Bd6
Rc8 15. Ng5 cxd4 16. Be5 Rg8 17. Qh4 1-0

[Event "Monarch Assurance Isle of Man 12th"]
[Site "Port Erin IOM"]
[Date "2003.09.27"]
[Round "1.35"]
[White "Young, Mel"]
[Black "Timmermans, Ivo"]
[Result "0-1"]
[WhiteElo "2005"]
[BlackElo "2213"]
[PlyCount "58"]
[EventDate "2003.09.27"]
[EventType "swiss"]
[EventRounds "9"]
[EventCountry "IOM"]
[SourceTitle "BritBase"]
[SourceDate "2008.07.14"]
[SourceVersion "1"]
[SourceVersionDate "2008.07.14"]
[SourceQuality "2"]

1. e4 e6 2. d4 d5 3. exd5 exd5 4. Nf3 Nc6 5. Bd3 Bg4 6. c3 Qd7 7. Bf4 O-O-O 8.
O-O f6 9. Nbd2 g5 10. Bg3 Bd6 11. Bxd6 Qxd6 12. Qa4 h5 13. b4 Kb8 14. b5 Nce7
15. c4 dxc4 16. Nxc4 Qd7 17. Be4 Nd5 18. Rac1 Bxf3 19. Bxf3 Nb6 20. Nxb6 cxb6
21. Rfe1 Ne7 22. Rc3 g4 23. Bd1 Rhe8 24. Bb3 Nd5 25. Rcc1 Nc3 26. Qc4 Rc8 27.
Rxe8 Qxe8 28. Qe6 Ne2+ 29. Kf1 Nxc1 0-1

[Event "Monarch Assurance Isle of Man 12th"]
[Site "Port Erin IOM"]
[Date "2003.09.27"]
[Round "1.36"]
[White "McPhillips, Karl"]
[Black "Valaker, Ole J"]
[Result "1/2-1/2"]
[WhiteElo "1918"]
[BlackElo "2207"]
[PlyCount "115"]
[EventDate "2003.09.27"]
[EventType "swiss"]
[EventRounds "9"]
[EventCountry "IOM"]
[SourceTitle "BritBase"]
[SourceDate "2008.07.14"]
[SourceVersion "1"]
[SourceVersionDate "2008.07.14"]
[SourceQuality "2"]

1. d4 d5 2. c4 Nc6 3. Nf3 Bg4 4. cxd5 Bxf3 5. gxf3 Qxd5 6. e3 e6 7. Nc3 Qh5 8.
f4 Qxd1+ 9. Kxd1 O-O-O 10. Bg2 Nce7 11. Ke2 Nf6 12. Bd2 Nf5 13. Rhd1 h6 14.
Rac1 Kb8 15. Na4 g5 16. Nc5 Bxc5 17. dxc5 Nd5 18. Bxd5 exd5 19. Bc3 Rhg8 20.
Bf6 Rd7 21. fxg5 hxg5 22. Rg1 g4 23. h3 g3 24. fxg3 Rg6 25. g4 Nxe3 26. g5 d4
27. Bxd4 Rxd4 28. Kxe3 Rh4 29. Rcf1 Rxh3+ 30. Kd4 Rh4+ 31. Kc3 Rh7 32. Rd1 a5
33. Rd8+ Ka7 34. Rd7 Rc6 35. Kd4 Rh4+ 36. Kd5 Rf4 37. Re1 Rf5+ 38. Re5 Rxc5+
39. Kxc5 Rxe5+ 40. Rd5 Re2 41. Rf5 Rxb2 42. Rxf7 Rxa2 43. Rxc7 Rg2 44. Rg7 Rg4
45. Kb5 a4 46. Re7 a3 47. Re3 Rxg5+ 48. Kb4 Rg2 49. Rxa3+ Kb6 50. Rh3 Rg4+ 51.
Ka3 Ka5 52. Rh5+ b5 53. Rh3 Rd4 54. Rg3 Kb6 55. Kb3 Rd1 56. Rg6+ Ka5 57. Rg3
Rb1+ 58. Ka2 1/2-1/2

[Event "Monarch Assurance Isle of Man 12th"]
[Site "Port Erin IOM"]
[Date "2003.09.27"]
[Round "1.37"]
[White "Spence, David J"]
[Black "Porat, Ido"]
[Result "0-1"]
[WhiteElo "2187"]
[BlackElo "2147"]
[PlyCount "124"]
[EventDate "2003.09.27"]
[EventType "swiss"]
[EventRounds "9"]
[EventCountry "IOM"]
[SourceTitle "BritBase"]
[SourceDate "2008.07.14"]
[SourceVersion "1"]
[SourceVersionDate "2008.07.14"]
[SourceQuality "2"]

1. e4 e5 2. Nf3 Nf6 3. Nxe5 d6 4. Nf3 Nxe4 5. d4 d5 6. Bd3 Nc6 7. O-O Be7 8. c4
Nb4 9. Be2 O-O 10. Nc3 Bf5 11. a3 Nxc3 12. bxc3 Nc6 13. Bf4 Rc8 14. Re1 Re8 15.
cxd5 Qxd5 16. c4 Qe4 17. Qd2 Bd6 18. Bxd6 cxd6 19. Rac1 Bg6 20. Bf1 Qf5 21. Nh4
Qf6 22. Nxg6 hxg6 23. Rxe8+ Rxe8 24. d5 Nd4 25. Rb1 b6 26. a4 Qf5 27. Rb2 Qg4
28. Kh1 Qe4 29. Kg1 Qg4 30. Kh1 g5 31. h3 Qf4 32. Qd1 g6 33. Rd2 Nb3 34. Re2
Rxe2 35. Qxe2 Qc1 36. g3 Nd2 37. Kg2 Nxf1 38. Qxf1 Qc2 39. Kf3 Qxa4 40. Kg4
Qd7+ 41. Kf3 a5 42. g4 Qe7 43. Qb1 Qf6+ 44. Kg2 Qd4 45. Qb5 Kg7 46. Kf3 Qc5 47.
Qc6 Kf6 48. Qd7 Qb4 49. h4 gxh4 50. Qd8+ Kg7 51. Kg2 a4 52. g5 a3 53. Qf6+ Kg8
54. Qd8+ Kh7 55. Qf8 h3+ 56. Kh2 Qb2 57. Qxf7+ Qg7 58. Qf3 Qe5+ 59. Kh1 a2 60.
Qxh3+ Kg8 61. Qc8+ Kf7 62. Qd7+ Qe7 0-1

[Event "Monarch Assurance Isle of Man 12th"]
[Site "Port Erin IOM"]
[Date "2003.09.27"]
[Round "1.38"]
[White "Shaw, David A"]
[Black "Ormsby, Alan"]
[Result "1-0"]
[WhiteElo "2183"]
[BlackElo "1792"]
[PlyCount "69"]
[EventDate "2003.09.27"]
[EventType "swiss"]
[EventRounds "9"]
[EventCountry "IOM"]
[SourceTitle "BritBase"]
[SourceDate "2008.07.14"]
[SourceVersion "1"]
[SourceVersionDate "2008.07.14"]
[SourceQuality "2"]

1. e4 c6 2. d4 d5 3. exd5 cxd5 4. Bd3 Nc6 5. c3 Nf6 6. h3 e5 7. dxe5 Nxe5 8.
Qe2 Qe7 9. Bc2 Bd7 10. Bg5 Nc4 11. b3 Qxe2+ 12. Nxe2 Nd6 13. Bxf6 gxf6 14. Nf4
Bc6 15. Nh5 O-O-O 16. O-O Ne4 17. f3 Bc5+ 18. Kh1 Nf2+ 19. Kh2 d4 20. Bf5+ Kb8
21. Rxf2 d3 22. Rd2 Rd5 23. g4 Re8 24. Be4 Rd6 25. b4 Bb6 26. Ng3 Bc7 27. Kg2
Rdd8 28. Na3 Bf4 29. Bxc6 bxc6 30. Rdd1 d2 31. Nc4 Rd3 32. Ne4 f5 33. gxf5 Rdd8
34. Kf2 Re7 35. Ncxd2 1-0

[Event "Monarch Assurance Isle of Man 12th"]
[Site "Port Erin IOM"]
[Date "2003.09.27"]
[Round "1.39"]
[White "Egeland, Marte"]
[Black "Walton, Alan J"]
[Result "0-1"]
[WhiteElo "1990"]
[BlackElo "2158"]
[PlyCount "114"]
[EventDate "2003.09.27"]
[EventType "swiss"]
[EventRounds "9"]
[EventCountry "IOM"]
[SourceTitle "BritBase"]
[SourceDate "2008.07.14"]
[SourceVersion "1"]
[SourceVersionDate "2008.07.14"]
[SourceQuality "2"]

1. e4 e6 2. d4 d5 3. Nc3 Nf6 4. Bg5 Be7 5. exd5 Nxd5 6. Bxe7 Qxe7 7. Qd2 O-O 8.
Nf3 b6 9. Bd3 Nxc3 10. Qxc3 Bb7 11. O-O-O c5 12. Rhg1 cxd4 13. Qxd4 Nc6 14. Qe4
g6 15. Qe3 Nb4 16. Kb1 Nd5 17. Qh6 Qf6 18. Ng5 Qg7 19. Qh4 h6 20. Ne4 Rad8 21.
Bc4 g5 22. Qg3 Nf4 23. f3 Rd4 24. Nd2 Rfd8 25. Qf2 Qe5 26. Rge1 Qc5 27. Bb3 Qd6
28. Kc1 a5 29. g3 Nh3 30. Qe2 a4 31. Bc4 Qc5 32. Bxe6 fxe6 33. Qxe6+ Kg7 34.
Qxh3 a3 35. Qe6 axb2+ 36. Kxb2 Qb4+ 37. Qb3 Qxb3+ 38. axb3 Bxf3 39. Nxf3 Rxd1
40. Re7+ Kf6 41. Rh7 Kg6 42. Rb7 R8d6 43. Ne5+ Kh5 44. Nc4 Rc6 45. Nxb6 Rd2 46.
Nc4 Rxh2 47. Rf7 Rg2 48. Rf3 Re6 49. Ne3 g4 50. Rf5+ Kg6 51. Nxg2 Kxf5 52. Nf4
Re3 53. c4 Rxg3 54. Nd5 h5 55. Kc2 h4 56. c5 Ke5 57. c6 Kd6 0-1

[Event "Monarch Assurance Isle of Man 12th"]
[Site "Port Erin IOM"]
[Date "2003.09.27"]
[Round "1.40"]
[White "May, F WLS."]
[Black "De Lange, Hans JG"]
[Result "1-0"]
[WhiteElo "2153"]
[BlackElo "1721"]
[PlyCount "110"]
[EventDate "2003.09.27"]
[EventType "swiss"]
[EventRounds "9"]
[EventCountry "IOM"]
[SourceTitle "BritBase"]
[SourceDate "2008.07.14"]
[SourceVersion "1"]
[SourceVersionDate "2008.07.14"]
[SourceQuality "2"]

1. Nf3 c5 2. g3 Nc6 3. Bg2 Rb8 4. O-O b5 5. e4 Qc7 6. d3 e6 7. Nbd2 d6 8. Re1
Nf6 9. Nf1 Be7 10. h4 O-O 11. N1h2 a5 12. Bf4 e5 13. Bg5 Rd8 14. Nd2 Be6 15.
Bxf6 Bxf6 16. Ng4 Be7 17. Ne3 Qd7 18. Ndf1 Bf8 19. f4 exf4 20. gxf4 f5 21. exf5
Bf7 22. Qg4 d5 23. Ng3 d4 24. Nef1 Nb4 25. Re2 Rb6 26. a3 Nd5 27. Bxd5 Qxd5 28.
Re5 Qd7 29. Nh2 Bd6 30. Ne4 Bf8 31. Re1 Kh8 32. Ng5 Bd5 33. Nhf3 g6 34. Ne6
gxf5 35. Qxf5 Rxe6 36. Rxe6 Bxf3 37. Kf2 Bd5 38. Qe5+ Qg7 39. Qxg7+ Kxg7 40.
Ra6 a4 41. Rb6 b4 42. Ra6 b3 43. cxb3 Bxb3 44. Ra7+ Kh6 45. Kg3 Rd6 46. f5 Rf6
47. Kg4 Bd6 48. Rc1 Bf8 49. Rc7 Rb6 50. Rd7 Bd6 51. Kf3 Bd5+ 52. Kg4 Bb7 53.
Re1 Bf8 54. Re8 Bg7 55. Ree7 Rxb2 1-0

[Event "Monarch Assurance Isle of Man 12th"]
[Site "Port Erin IOM"]
[Date "2003.09.27"]
[Round "1.41"]
[White "Agdestein, Emil"]
[Black "Van Kemenade, Rudy"]
[Result "0-1"]
[WhiteElo "1668"]
[BlackElo "2140"]
[PlyCount "88"]
[EventDate "2003.09.27"]
[EventType "swiss"]
[EventRounds "9"]
[EventCountry "IOM"]
[SourceTitle "BritBase"]
[SourceDate "2008.07.14"]
[SourceVersion "1"]
[SourceVersionDate "2008.07.14"]
[SourceQuality "2"]

1. e4 e5 2. Nf3 Nf6 3. Nxe5 d6 4. Nc4 Nxe4 5. Nc3 Nf6 6. d4 d5 7. Ne5 Bd6 8.
Bg5 c6 9. Bd3 h6 10. Bh4 Nbd7 11. O-O O-O 12. f4 Qb6 13. Rf3 Bxe5 14. fxe5
Qxd4+ 15. Kh1 Qxh4 16. exf6 Nxf6 17. Qf1 Ng4 18. h3 Ne5 19. Rf4 Qg5 20. Bf5 Ng6
21. Bxg6 Qxg6 22. Qf2 b6 23. Rf1 Be6 24. Nd1 c5 25. Qd2 d4 26. Nf2 f5 27. b3
Bd5 28. Nd3 Rae8 29. R4f2 Qg3 30. Kg1 Be4 31. Ne1 Qe3 32. Qxe3 dxe3 33. Re2 f4
34. Nf3 Bxf3 35. Rxf3 Rd8 36. Kf1 g5 37. a4 Rd1+ 38. Re1 Rfd8 39. g3 Rxe1+ 40.
Kxe1 Rf8 41. gxf4 gxf4 42. c3 Kg7 43. Ke2 Kg6 44. Rf1 Kf5 0-1

[Event "Monarch Assurance Isle of Man 12th"]
[Site "Port Erin IOM"]
[Date "2003.09.27"]
[Round "1.42"]
[White "Braunlich, Tom"]
[Black "Bryn, Askild"]
[Result "1-0"]
[WhiteElo "2135"]
[BlackElo "1574"]
[PlyCount "55"]
[EventDate "2003.09.27"]
[EventType "swiss"]
[EventRounds "9"]
[EventCountry "IOM"]
[SourceTitle "BritBase"]
[SourceDate "2008.07.14"]
[SourceVersion "1"]
[SourceVersionDate "2008.07.14"]
[SourceQuality "2"]

1. d4 d5 2. c4 c6 3. Nc3 Nf6 4. Nf3 e6 5. e3 Bd6 6. Qc2 a6 7. Bd2 b5 8. b3 O-O
9. Be2 Nbd7 10. O-O Bb7 11. Rad1 Rc8 12. Qb1 Ne8 13. e4 b4 14. Na4 dxe4 15.
Qxe4 Be7 16. Ne5 Nd6 17. Qd3 a5 18. Nxd7 Qxd7 19. Nb6 Qc7 20. Nxc8 Rxc8 21. Bf4
Qd7 22. Qh3 h6 23. d5 Rd8 24. dxe6 Qxe6 25. Qxe6 fxe6 26. Bf3 Kf7 27. Rd2 g5
28. Be5 1-0

[Event "Monarch Assurance Isle of Man 12th"]
[Site "Port Erin IOM"]
[Date "2003.09.27"]
[Round "1.43"]
[White "Loughran, John"]
[Black "Coathup, Roger"]
[Result "0-1"]
[WhiteElo "1830"]
[BlackElo "2134"]
[PlyCount "60"]
[EventDate "2003.09.27"]
[EventType "swiss"]
[EventRounds "9"]
[EventCountry "IOM"]
[SourceTitle "BritBase"]
[SourceDate "2008.07.14"]
[SourceVersion "1"]
[SourceVersionDate "2008.07.14"]
[SourceQuality "2"]

1. e4 c5 2. Nf3 e6 3. d4 cxd4 4. Nxd4 a6 5. Bd3 Nf6 6. O-O Qc7 7. Qe2 d6 8. c4
g6 9. b3 Bg7 10. Bb2 O-O 11. Kh1 b6 12. f4 Nbd7 13. Nc3 Bb7 14. Rad1 Rfe8 15.
Bb1 Rad8 16. Qf2 Nc5 17. Rfe1 e5 18. fxe5 dxe5 19. Nf3 Rxd1 20. Rxd1 Nfxe4 21.
Nxe4 Bxe4 22. Bxe4 Nxe4 23. Qh4 f5 24. Rd5 b5 25. cxb5 axb5 26. Qe1 Qc6 27. Rd1
Qc2 28. Rb1 Nf2+ 29. Kg1 Nd3 30. Qf1 Nxb2 0-1

[Event "Monarch Assurance Isle of Man 12th"]
[Site "Port Erin IOM"]
[Date "2003.09.27"]
[Round "1.44"]
[White "Horton, E Justin"]
[Black "Murtagh, Dermot"]
[Result "1-0"]
[WhiteElo "2120"]
[BlackElo "1798"]
[PlyCount "107"]
[EventDate "2003.09.27"]
[EventType "swiss"]
[EventRounds "9"]
[EventCountry "IOM"]
[SourceTitle "BritBase"]
[SourceDate "2008.07.14"]
[SourceVersion "1"]
[SourceVersionDate "2008.07.14"]
[SourceQuality "2"]

1. d4 Nf6 2. Nf3 c5 3. d5 d6 4. Nc3 e5 5. e4 a6 6. a4 Be7 7. h3 O-O 8. g4 Qa5
9. Bd2 Qb4 10. Bd3 c4 11. Be2 Nbd7 12. Qb1 Nc5 13. Qa2 Bd7 14. Bxc4 Qb6 15. Bd3
Nxd3+ 16. cxd3 Bxg4 17. Be3 Qa5 18. hxg4 Nxg4 19. Nd2 f5 20. Nc4 Qd8 21. Bb6
Qe8 22. f3 Nf6 23. O-O-O Nd7 24. Kb1 Rc8 25. a5 f4 26. Qa4 Rf6 27. Rdg1 h6 28.
d4 g5 29. dxe5 dxe5 30. Rd1 Bd6 31. Nxd6 Rxd6 32. Qa3 Qg6 33. Na4 h5 34. Rc1
Rxc1+ 35. Rxc1 Nxb6 36. Nxb6 g4 37. Nc4 Rxd5 38. Nb6 Rd8 39. Qc5 Re8 40. Nd5
Qg7 41. Qd6 Rf8 42. Ne7+ Kh7 43. Nf5 Qf6 44. Rc7+ Kh8 45. Qd7 Qg6 46. fxg4 hxg4
47. Qe7 Re8 48. Qh4+ Kg8 49. Rg7+ Qxg7 50. Nxg7 Kxg7 51. Qxg4+ Kf6 52. Ka2 Re7
53. Ka3 Rg7 54. Qf5+ 1-0

[Event "Monarch Assurance Isle of Man 12th"]
[Site "Port Erin IOM"]
[Date "2003.09.27"]
[Round "1.45"]
[White "Brekke, Jorunn M"]
[Black "Adams, Phil"]
[Result "0-1"]
[WhiteElo "1527"]
[BlackElo "2115"]
[PlyCount "72"]
[EventDate "2003.09.27"]
[EventType "swiss"]
[EventRounds "9"]
[EventCountry "IOM"]
[SourceTitle "BritBase"]
[SourceDate "2008.07.14"]
[SourceVersion "1"]
[SourceVersionDate "2008.07.14"]
[SourceQuality "2"]

1. d4 Nf6 2. c4 e6 3. Nc3 Bb4 4. Qc2 c5 5. a3 Bxc3+ 6. Qxc3 cxd4 7. Qxd4 Nc6 8.
Qd1 Ne4 9. Nf3 O-O 10. Nd2 f5 11. g3 Qb6 12. e3 Ne5 13. Be2 Qc6 14. O-O b6 15.
Nxe4 fxe4 16. b3 d6 17. Bb2 Nf3+ 18. Kg2 Bb7 19. Rc1 Rad8 20. Qc2 e5 21. Rfd1
Qe8 22. Rh1 Qf7 23. Bd1 Qf5 24. h4 Rf6 25. Qe2 Rdf8 26. Rc2 Qg4 27. a4 Rh6 28.
Ba3 Rxh4 29. Qf1 Rxh1 30. Qxh1 Rf6 31. Kf1 Rh6 32. Qg2 Qh5 33. Be2 Qh1+ 34.
Qxh1 Rxh1+ 35. Kg2 Rg1+ 36. Kh3 Bc8+ 0-1

[Event "Monarch Assurance Isle of Man 12th"]
[Site "Port Erin IOM"]
[Date "2003.09.27"]
[Round "1.46"]
[White "Goodger, Martyn"]
[Black "Reppen, Ellisiv"]
[Result "1-0"]
[WhiteElo "2114"]
[BlackElo "1374"]
[PlyCount "61"]
[EventDate "2003.09.27"]
[EventType "swiss"]
[EventRounds "9"]
[EventCountry "IOM"]
[SourceTitle "BritBase"]
[SourceDate "2008.07.14"]
[SourceVersion "1"]
[SourceVersionDate "2008.07.14"]
[SourceQuality "2"]

1. e4 e6 2. d4 d5 3. e5 c5 4. c3 Nc6 5. Be3 cxd4 6. cxd4 Qa5+ 7. Nc3 Bb4 8. Qd2
Nge7 9. Bd3 O-O 10. Nge2 f6 11. exf6 Rxf6 12. O-O h6 13. f4 Nf5 14. Bf2 Qb6 15.
Bc2 Bd7 16. Kh1 Raf8 17. g4 Bxc3 18. Qxc3 Nd6 19. Be3 Nc4 20. Bc1 e5 21. b3
exd4 22. Qd3 N4e5 23. Qh7+ Kf7 24. Ba3 Nxg4 25. Bxf8 Kxf8 26. Ng3 d3 27. Nh5
Rf7 28. Rae1 Ne3 29. Bxd3 Ne7 30. Qh8+ Ng8 31. Bh7 1-0